| 000 | 00408nam a22001817a 4500 | ||
|---|---|---|---|
| 003 | NUST | ||
| 020 | _a1405161744 | ||
| 038 | _akhadija | ||
| 082 |
_a621.31934 _bELE |
||
| 100 |
_aMoore, G. F. _976558 |
||
| 245 | _aElectric Cables | ||
| 250 | _a3rd ed | ||
| 260 |
_aNew York: _bBlackwell science; _c1997. |
||
| 300 |
_a1098p. ; _b24 cm. |
||
| 500 | _aHardcover. | ||
| 563 | _ahardcover | ||
| 942 |
_cBK _2ddc |
||
| 999 |
_c32616 _d32616 |
||